| 000 | 00951cam a2200289 a 4500 | ||
|---|---|---|---|
| 001 | 000005472 | ||
| 005 | 20200929151704.0 | ||
| 008 | 790329s1993 sp b 000 1 spa | ||
| 020 | _a8437601460 | ||
| 040 |
_aDO-SdBNP _bspa _cBNPHU |
||
| 082 |
_a863.6 _bA973c, 1993 |
||
| 100 | 1 |
_aAyala, Francisco, _d1906-2009 _94726 |
|
| 245 | 1 | 3 |
_aLa cabeza del cordero / _cFrancisco Ayala ; edición de Rosario Hiriart. |
| 250 | _a3a ed. | ||
| 260 |
_aMadrid : _bCátedra, _c1993. |
||
| 300 |
_a279 p. ; _c18 cm. |
||
| 490 | 1 |
_aLetras hispánicas _v83 |
|
| 504 | _aBibliografía:( p. 35-54.) | ||
| 650 | 4 |
_aNovela española _91123 |
|
| 650 | 4 |
_aLiteratura española _9632 |
|
| 651 | 4 |
_aEspaña _xHistoria _yGUERRA CIVIL, 1936-1939 _xFicción _915539 |
|
| 651 | 4 |
_aEspaña _xHistoria Civil _xRelatos Personales _915540 |
|
| 700 | 1 |
_aHiriart, Rosario, _eed. _915541 |
|
| 830 | 0 |
_aLetras hispánicas ; _v83 _94208 |
|
| 910 | _aCatalogación derivada | ||
| 910 | _aWM | ||
| 999 |
_c5271 _d5271 |
||